Vainqueurs du trophée Yachine - Statistiques

Statistiques générales
  • Ce quiz a été pris 61 fois
    18 depuis la dernière actualisation
  • Le résultat moyen est 4 sur 5
Statistiques - réponses
Année Vainqueur % Correct
2022 Thibaut Courtois
100%
2024 Emiliano Martinez
91%
2023 Emiliano Martinez
91%
2019 Alisson
82%
2021 Gianluigi Donnarumma
64%
Aucun quiz correspondant
Distribution des résultats
% des personnes avec chaque résultat
Percentile par nombre de réponses
Votre historique - résultats
Vous n’avez pas pris ce quiz depuis la dernière actualisation